|
|
|
|
| LEADER |
00873nam a2200229 a 4500 |
| 008 |
090723s2000 nyu b 000 1 eng d |
| 020 |
|
|
|a 0375410538 (alk. paper)
|
| 020 |
|
|
|a 0330480774
|
| 082 |
0 |
0 |
|a 813/.54
|2 21
|
| 100 |
1 |
|
|a Ondaatje, Michael,
|d 1943-
|
| 245 |
1 |
0 |
|a Anil's ghost /
|c Michael Ondaatje.
|
| 260 |
|
|
|a New York :
|b Alfred A. Knopf,
|c 2000.
|
| 300 |
|
|
|a 311 p. ;
|c 20 cm.
|
| 504 |
|
|
|a Includes bibliographical references.
|
| 541 |
1 |
|
|e 00013918
|
| 650 |
|
0 |
|a Women forensic anthropologists
|v Fiction.
|
| 650 |
|
0 |
|a Dead
|x Identification
|v Fiction.
|
| 650 |
|
0 |
|a Human rights workers
|v Fiction.
|
| 651 |
|
0 |
|a Sri Lanka
|v Fiction.
|
| 852 |
4 |
|
|a Ayesha Abed Library
|j General shelf
|
| 999 |
|
|
|c 2794
|d 2794
|
| 952 |
|
|
|0 0
|1 0
|2 ddc
|4 0
|6 813_540000000000000_OND
|7 0
|9 2566
|a BRACUL
|b BRACUL
|c GEN
|d 2009-07-26
|g 405.00
|l 11
|m 70
|o 813.54 OND
|p 3010013918
|r 2025-04-21
|s 2025-01-19
|t 1
|w 2009-07-26
|y BK
|